Quizzes
Events
Quiz Creation
Community
Videos
Private Events
Remove Ads
Sign In
Join for FREE
Feedback
Dark Mode
Quiz Categories
Sports
Geography
Music
Movies
Television
Just For Fun
Miscellaneous
History
Literature
Language
Science
Gaming
Entertainment
Religion
Holiday
For Kids
Quiz Lab
Recent
Popular Today
Quiz Kudos Today
Editor Picks
Curator Picks
Quizzes by...
Day
Popularity
Type
Ratings
Length
Year
Community
Subscriptions
Recent Discussions
Orange Saloon
Badges
Playlists
Quests
Create
Leaderboards
Showdown
Live 5
Trivia Bingo
Activity
Puzzle Library
Sporcle Events
Private Events
Virtual Trivia
Globe League
Become a Host
Pub Owners
SporcleCon
Opinionation
Our Games
Videos
Blog
Mobile Apps
Partnerships
Remove Ads and Go Orange
Feedback
Gaming
Video Games
Board Games
Card Games
Pokémon
Mario
Nintendo
Minecraft
Console
Toys
Legend of Zelda
Gaming
Video Games
Board Games
Card Games
Pokémon
Mario
Nintendo
Minecraft
Console
Toys
Legend of Zelda
Random Quiz
Search Sporcle
×
Quiz Lab
Quiz Lab
Gaming
Disney
Type in answers that appear in a list
Type in answers that appear in a list
Classic
Best Score? Go Orange.
Kingdom Hearts Original Characters Stats
Kingdom Hearts Original Characters
By
raccoonscity
10m
59 Questions
432 Plays
432 Plays
432 Plays
Comments
Comments
Give Quiz Kudos
Give Quiz Kudos
-
- Ratings
hide this ad
More Info
Replay
Link that replays current quiz
Next Quiz
Link to next quiz in quiz playlist
You Got
0%
They Got
Avg Score
54%
Avg Friend Score
Upgrade to see
Score Distribution
Jump to the score distribution portion of the page
Score
0/59
Timer
10:00
0
Plays Today
Game Introduced
Character
% Correct
KH1
Sora
98.1%
KH1
Riku
97%
KH1
Kairi
96.1%
KH2
Roxas
90.3%
CoM
Axel
90%
CoM
Marluxia
88%
KH2
Xemnas
88%
BBS
Aqua
88%
CoM
Larxene
87.3%
BBS
Terra
87.3%
BBS
Ventus
87.3%
BBS
Master Xehanort
87.3%
358/
2 Days
Xion
85.4%
CoM
Vexen
85.2%
KH2
Xigbar
85.2%
CoM
Zexion
82.2%
CoM
Lexaeus
81.7%
KH2
Saix
81.7%
KH2
Demyx
80.8%
KH2
Xaldin
80.8%
CoM
Naminé
80.3%
BBS
Master Eraqus
79.9%
KH2
Luxord
79.2%
CoM
Ansem The Wise
78.5%
BBS
Vanitas
75%
KH2
Hayner
69.7%
KH2
Pence
69.2%
KH1
Ansem Seeker of Darkness
69%
KH2
Olette
69%
Chi
Foreteller Ava
58.1%
Game Introduced
Character
% Correct
CoM
Riku Replica
57.9%
DDD
Young Xehanort
57.9%
Chi
Master of Masters
56%
Chi
Luxu
53.9%
Chi
Foreteller Invi
53%
Chi
Foreteller Ira
52.8%
Chi
Foreteller Aced
52.8%
Chi
Foreteller Gula
52.1%
Dark Road
Odin
50%
KH3
Yozora
50%
Dark Road
Vor
47.4%
Dark Road
Bragi
47.4%
Chi
Ephemer
47.2%
Chi
Skuld
46.5%
Chi
Brain
46.1%
Dark Road
Urd
44.7%
Dark Road
Hermod
44.7%
Dark Road
Baldr
42.1%
Dark Road
Vala
36.8%
Chi
Strelitzia
35%
KH1
Kairi's Grandmother
33.6%
Chi
Darkness
31.6%
Dark Road
Vali
31.6%
Dark Road
Heimdall
28.9%
Dark Road
Helgi
28.9%
Dark Road
Vidar
28.9%
Chi
Player Character
26.4%
Dark Road
Sigrun
26.3%
Dark Road
Hodur
7.9%
Quiz Playlist
Details
Report
Send in Message
Add To Playlist
More Info:
Updated with Union X characters.
Classic:
Type in answers that appear in a list
Last Updated: Jul 24, 2023
Quiz Scoreboard
CHALLENGE
Sign Up to Join the Scoreboard
Show All
Scores
Hide
Comments
May contain spoilers
Recently Published
Billboard Blitz: Fleetwood Mac
by CooCooCachoo
Music
15s
Presidents Visiting Landmarks
by Hejman
History
7m
An Introduction to Baseball
by treessimontrees
Sports
5m
More to Explore
Quiz From the Vault
Featured Blog Post
Where Did the Easter Bunny Come From?
hide this ad
You Might Also Like...
Tags
Disney Quiz
Video Games Quiz
Kingdom Hearts
Square Enix
Video Game Characters
Today's Top Quizzes in Gaming
Browse Gaming
hide this ad
Today's Top Quizzes in Disney
Browse Disney
Top Contributed Quizzes in Gaming
1
5-to-1: Consoles
2
7-to-1: Board Game Piece Blitz
3
5-to-1: Legend of Zelda
4
Destiny 2 exotic weapons by perk icons
5
League of Legends Pro Players by Career/Team History
6
Franchise by Action Figure
7
Ultimate Genshin Impact Logic Puzzle (up to 4.3)
8
Who's on the WWE 2K24 Cover?
9
Genshin Impact Logic Puzzle Quiz
10
Overwatch Logic Puzzle
Explore More
Trending Topics
Kpop
Disney
Marvel
NBA
Harry Potter
Crossword
Anime
The Office
Soccer
Pokémon
NFL
WWE
Song
Puzzle
Country
hide this ad
More By:
raccoonscity
Quiz
Plays
Rating
Category
Featured
Created
Resident Evil Characters
1,700
5.00
Gaming
Jun 28, 2016
Kingdom Hearts Original Characters
432
3.00
Gaming
Aug 13, 2017
Go to Creator's Profile
Score Distribution
Quiz Creator Spotlight
raccoonscity
Follow
Send a Message
Quizzes Created
-
Created Quiz Play Count
-
More By This Creator
Popular Quizzes Today
1
Find the US States - No Outlines Minefield
2
Find the Countries of Europe - No Outlines Minefield
3
The Countries of the World
4
Find the US States
5
Risky Map Clicking: Biggest States A-Z
6
US States
7
Popular People in 1961
8
Movies - When Are They Set?
More Gaming Quizzes
Super Smash Bros. Ultimate Roster
Quiz Lab
Trending Quizzes
Risky Map Clicking: Least Populous States A-Z
1-10 Letter G Words
1-10 Letter F Words
Risky Map Clicking: Next State Alphabetically
Click the Washington State Counties! (Map)
Recently Updated
Leaping Animals
pecheneg
Reality TV Shows (A-Z)
bhenderson79
Rickey Henderson's Hall of Fame Teammates
pecheneg
Champions League XIs: Arsenal
pecheneg
Quick Pick: Celebrities in WWE's Hall of Fame
aduchscher
A-Z Keypad Blitz II
pecheneg
Multiple Oscar Actors
pecheneg
Mystery Phrase Blitz: Oscar 'Best Actors'
pecheneg
F. Scott Fitzgerald Novels
LTH
Pick 3 Villains
ddd62291
Trending Topics
Kpop
Disney
NBA
Harry Potter
Marvel
Anime
Crossword
Song
Country
Puzzle
NFL
The Office
Pokémon
WWE
Soccer
Your Account Isn't Verified!
In order to create a playlist on Sporcle, you need to verify the email address you used during registration. Go to your
Sporcle Settings
to finish the process.
Report this User
Report this user for behavior that violates our
Community Guidelines
.
Details:
Send Report
Go to the Sporcle.com Mobile Site →
Comments